Authority of the Old Testament (Record no. 4776)

MARC details
000 -LEADER
fixed length control field 00603nam a2200241 a 4500
020 ## - INTERNATIONAL STANDARD BOOK NUMBER
ISBN
082 00 - DEWEY DECIMAL CLASSIFICATION NUMBER
Classification number 221.1
Author Cutter HEB
100 ## - MAIN ENTRY--AUTHOR NAME
Author name Bebert, A G
245 ## - TITLE STATEMENT
Title Authority of the Old Testament
260 ## - PUBLICATION, DISTRIBUTION, ETC. (IMPRINT)
Place of publication London
Name of publisher Faber and Faber Limited
Year of publication 1947
300 ## - PHYSICAL DESCRIPTION
Number of Pages 326p
500 ## - GENERAL NOTE
General note includes index and biblioraphy
505 2# - FORMATTED CONTENTS NOTE
Formatted contents note Index and Index of Scripture reference
650 ## - SUBJECT ADDED ENTRY--TOPICAL TERM
Topical Term Bible-Origin
942 ## - ADDED ENTRY ELEMENTS (KOHA)
Koha item type Books
700 1# -
-- Bebert, A G
Holdings
Home library Current library Date acquired Cost, normal purchase price Full call number Accession Number Koha item type
Henry Martyn Institute Library Henry Martyn Institute Library   100.00 221.1 HEB 6483 Archive Book
Henry Martyn Institute Library Henry Martyn Institute Library   100.00 221.1 HEB 07775 E-Books
                   Copyright © 2026 | Henry Martyn Institute | Hyderabad | TS-500052 | INDIA | Implemented by hmi.edu.in
Hit-Count:

Powered by Koha